| 000 | 00475nam a2200181Ia 4500 | ||
|---|---|---|---|
| 003 | GCL | ||
| 008 | 140319s9999 xx 000 0 eng d | ||
| 040 |
_aGCL / _cGCL |
||
| 082 | 0 | 4 |
_a796.3578 _bK S |
| 100 | 1 | _aKNEER, MARIAN | |
| 245 | 1 | 0 |
_aSOFTBALL: SLOW AND FAST PITCH / _cKNEER, MARIAN |
| 700 | 1 | _aMC CARD, CHARLES | |
| 260 |
_a[S.N] : _bW C B BROUN AND BENCHMSRK PUBBISHERS ، _c1995 |
||
| 300 | _a147 P | ||
| 650 | 0 | 4 | _aGAMES |
| 650 | 0 | 4 | _aSOFTBALL |
| 942 |
_2ddc _cBK |
||
| 999 |
_c11720 _d11720 |
||